Tunisia : 2000 Article IV Consultation-Staff Report; Staff Statement; and Public Information Notice on the Executive Board Discussion.

Tunisia showed strong economic performance and social achievements owing to its prudent macroeconomic policies. Executive Directors commended this development, and underscored the importance of complementing the trade liberalization with the European Union with comprehensive trade and price liberali...

תיאור מלא

מידע ביבליוגרפי
מחבר תאגידי: International Monetary Fund
פורמט: כתב-עת
שפה:English
יצא לאור: Washington, D.C. : International Monetary Fund, 2001.
סדרה:IMF Staff Country Reports; Country Report ; No. 2001/036
גישה מקוונת:Full text available on IMF
LEADER 01770cas a2200241 a 4500
001 AALejournalIMF007921
008 230101c9999 xx r poo 0 0eng d
020 |c 5.00 USD 
020 |z 9781451837780 
022 |a 1934-7685 
040 |a BD-DhAAL  |c BD-DhAAL 
110 2 |a International Monetary Fund. 
245 1 0 |a Tunisia :   |b 2000 Article IV Consultation-Staff Report; Staff Statement; and Public Information Notice on the Executive Board Discussion. 
264 1 |a Washington, D.C. :  |b International Monetary Fund,  |c 2001. 
300 |a 1 online resource (59 pages) 
490 1 |a IMF Staff Country Reports 
500 |a <strong>Off-Campus Access:</strong> No User ID or Password Required 
500 |a <strong>On-Campus Access:</strong> No User ID or Password Required 
506 |a Electronic access restricted to authorized BRAC University faculty, staff and students 
520 3 |a Tunisia showed strong economic performance and social achievements owing to its prudent macroeconomic policies. Executive Directors commended this development, and underscored the importance of complementing the trade liberalization with the European Union with comprehensive trade and price liberalization measures, and sustained structural reforms. They appreciated the achievement of price stability, and noted the dual role played by incomes and monetary policies. They welcomed the substantial improvements in the quality and dissemination of statistical information, and the country's subscription to the Special Data Dissemination Standard. 
538 |a Mode of access: Internet 
830 0 |a IMF Staff Country Reports; Country Report ;  |v No. 2001/036 
856 4 0 |z Full text available on IMF  |u http://elibrary.imf.org/view/journals/002/2001/036/002.2001.issue-036-en.xml  |z IMF e-Library